LEADER 01444nam a2200289 u 4500 001 000000058700 003 CaOOAMICUS 005 20070226120724.0 008 010612s1956 fr u000 u fre u 035 $a10892221 040 $aPUL(R)$bita 100 1 $aJolivet, Régis,$d1891-1966.$0(OLS)http://pul/name/7905 245 13$aLe Dieu des philosophes et des savants /$cRégis Jolivet. 260 $aParis :$bArthème Fayard,$c1956. 300 $a126 p. ;$c18 cm 490 1 $aJe sais-je crois : encyclopédie du catholique au XXème siècle.$aPartie 1, Je sais, Je crois ;$v15 504 $aBibliografia in nota. 650 4$aFilosofia e religione$xStudi.$0(OLS)http://pul/subject/23042 830 0$aJe sais-je crois : encyclopédie du catholique au XXème siècle.$nPartie 1,$pJe sais, Je crois ;$v15.$0(OLS)http://pul/title/38622 850 $aPUL 852 $aPUL$W1$xDP1 Altre Collocazioni$y17$mSenza collocazione$j12$nBK-PRI$b $qStampati$B76650$CPULBib$Z2$F76650 $81 852 $aPUL$W1$xDP1 Fondo Bordoni$y120$m3 B 54$j162889$b3a copia$qFondi$B172684$CPULBib$Z2$F172684 $HBor232 $81 852 $aPUL$W1$xDP1 Fondo Cecchetti$y53$m260 G 85$j194134$nBK-PRI$b $qFondi$B76651$CPULBib$Z2$F76651 $81 941 1 $a8 941 1 $a1 996 $6245$aLe Dieu des philosophes et des savants$9(OLS)http://pul/title/78646 996 $6260$aParis :$bArthème Fayard$9(OLS)http://pul/publisher/54043 LEADER 01522nam a2200289 a 4500 001 000000158068 003 CaOOAMICUS 005 20170123133538.0 008 170123s2016 vc u000 u ita r 020 $a978-88-209-9908-7* 032 $aLibriCat 040 $aPUL$bita 082 04$a254 100 1 $aInterguglielmi, Antonio,$csacerdote,$d1963-$0(OLS)http://pul/name/77530 245 10$aAmministrare la parrocchia oggi in Italia :$bmanuale teorico-pratico per parroci, componenti del Consiglio parrocchiale Affari Economici, sacerdoti e uffici di Curia. Corredato da schemi ed esempi pratici /$cAntonio Interguglielmi. 260 $aCittà del Vaticano :$bLibreria editrice vaticana,$c©2016. 300 $a287 p. ;$c21 cm. 504 $aBibliografia in nota. 650 4$aParrocchie$xAmministrazione.$0(OLS)http://pul/subject/35291 850 $aPUL 852 $aPUL$W1$xSL Religione 3$y85$m254 INTAN 1$j181396$qDDC 21$B184537$CPULBib$Z2$F184537 $H128678 $81 941 1 $a9 996 $6020$a978-88-209-9908-7*$9(OLS)http://pul/number/161839 996 $6082$a254$9(OLS)http://pul/classification/2953 996 $6245$aAmministrare la parrocchia oggi in Italia :$bmanuale teorico-pratico per parroci, componenti del Consiglio parrocchiale Affari Economici, sacerdoti e uffici di Curia. Corredato da schemi ed esempi pratici$9(OLS)http://pul/title/197671 996 $6260$aCittà del Vaticano :$bLibreria editrice vaticana$9(OLS)http://pul/publisher/47920